000 00575nam a22002417a 4500
003 UA-OsUOA
001 22473
007 ta
008 20031220b un ||||| |||| 00| 0 ukr d
090 _a18(038)
_bЭ87
942 _cBK
040 _aUA-OsUOA
_brus
_cUA-OsUOA
_dUA-OsUOA
245 _aЭстетика
_bСловарь
_cРед. А.А.Беляев
300 _a447 с.
955 _a0
041 _arus
080 _a18(038)
020 _a5-250-00659-0
260 _aМосква
_bПолитиздат
_c1989
044 _aRU
650 7 _2UDC
999 _c308693
_d308693